Catálogo

Annam / (Registro nro. 26797)

Detalles MARC
000 -LEADER
fixed length control field 01210cam a2200373 i 4500
001 - CONTROL NUMBER
control field 26797
003 - CONTROL NUMBER IDENTIFIER
control field Mx-PuUPA
005 - DATE AND TIME OF LATEST TRANSACTION
control field 20250507163027.0
008 - FIXED-LENGTH DATA ELEMENTS--GENERAL INFORMATION
fixed length control field 140415s1998 mx gr 001 f spa d
020 ## - INTERNATIONAL STANDARD BOOK NUMBER
International Standard Book Number 9681904850
040 ## - CATALOGING SOURCE
Transcribing agency Mx-PuUPA
Original cataloging agency Mx-PuUPA
Language of cataloging spa
Modifying agency Mx-PuUPA
Description conventions rda
041 1# - LANGUAGE CODE
Language code of text/sound track or separate title spa
Language code of original fre
043 ## - GEOGRAPHIC AREA CODE
Geographic area code a-vt---
100 1# - MAIN ENTRY--PERSONAL NAME
Personal name Bataille, Christophe,
Dates associated with a name 1971-
9 (RLIN) 17007
Relator term autor
240 10 - UNIFORM TITLE
Uniform title Annam.
Language of a work Español
245 10 - TITLE STATEMENT
Title Annam /
Statement of responsibility, etc. Christophe Bataille ; traducción de Alberto Ruy Sánchez
250 ## - EDITION STATEMENT
Edition statement Primera edición /
Remainder of edition statement en Alfaguara
264 #1 - PRODUCTION, PUBLICATION, DISTRIBUTION, MANUFACTURE, AND COPYRIGHT NOTICE
Place of production, publication, distribution, manufacture México, D.F. :
Name of producer, publisher, distributor, manufacturer Alfaguara,
Date of production, publication, distribution, manufacture, or copyright notice ©1998
300 ## - PHYSICAL DESCRIPTION
Extent 76 páginas ;
Dimensions 22 cm
336 ## - CONTENT TYPE
Fuente rdacontent
Content type term texto
Content type code txt
337 ## - MEDIA TYPE
Source rdamedia
Media type term sin medio
Media type code n
338 ## - CARRIER TYPE
Source rdacarrier
Carrier type term volumen
Carrier type code nc
650 #7 - SUBJECT ADDED ENTRY--TOPICAL TERM
Source of heading or term armarc
Topical term or geographic name entry element Monjes
Form subdivision Novela
General subdivision
651 #4 - SUBJECT ADDED ENTRY--GEOGRAPHIC NAME
Geographic name Vietnam
General subdivision Historia
Chronological subdivision 1787-1858
Form subdivision Novela
655 #4 - INDEX TERM--GENRE/FORM
Genre/form data or focus term Novela histórica
655 #4 - INDEX TERM--GENRE/FORM
Genre/form data or focus term Novela religiosa
700 1# - ADDED ENTRY--PERSONAL NAME
Personal name Ruy Sánchez, Alberto,
Relator term traductor
765 1# - ORIGINAL LANGUAGE ENTRY
Main entry heading Bataille, Christophe
Title Annam
Place, publisher, and date of publication Arlea, ©1993
942 ## - ADDED ENTRY ELEMENTS (KOHA)
Source of classification or shelving scheme Dewey Decimal Classification
Koha item type Libro
Classification part 843.914
Item part B3218
260 ## - PUBLICATION, DISTRIBUTION, ETC.
Place of publication, distribution, etc.
Name of publisher, distributor, etc.
Date of publication, distribution, etc.
Existencias
Withdrawn status Lost status Source of classification or shelving scheme Damaged status Not for loan Collection code Home library Current library Shelving location Date acquired Source of acquisition Cost, normal purchase price Total Checkouts Full call number Barcode Date last seen Cost, replacement price Price effective from Koha item type
    Dewey Decimal Classification     General Biblioteca Karol Wojtyla Biblioteca Karol Wojtyla Sala general 01/01/2022 Donación 0.00   843.914 B3218 1998 49770 05/01/2026 0.00 03/12/2013 Libro